000 00660cam a2200253 4500
001 ABS61980
008 000000n2000 000 0 eng u
035 _a(Sirsi) u104624
100 _aBingham, T.
245 _aFiddlers on the hoof
260 _c2000
490 _aBuilding
_v(9) 3 March 2000 59(1)
520 _aExplains how the Competition Act 1998 will end the swindles that have been going on between competitors.
590 _aABS
650 _aCORRUPTION
650 _aSWINDLES
650 _aCOMPETITION ACT 1998
650 _aOFT
650 _aOFT
650 _aCOMPETITION
650 _aCOMPETITORS
690 _aLAW
942 _n0
999 _c62775
_d62775